[Event "FRA-chT U20"]
[Site "Colmar"]
[Date "2013.12.08"]
[Round "?"]
[White "Tournois, Luan"]
[Black "Principato, Guillaume"]
[Result "0-1"]
[WhiteElo "1643"]
[BlackElo "1650"]
[PlyCount "54"]
[EventDate "2013.12.07"]
[EventType "swiss"]
[EventRounds "6"]
[EventCountry "FRA"]
[SourceTitle "EXT 2015"]
[Source "ChessBase"]
[SourceDate "2014.11.20"]
[SourceVersion "1"]
[SourceVersionDate "2014.11.20"]
[SourceQuality "1"]

1. e4 c5 2. Nf3 Nc6 3. d4 cxd4 4. Nxd4 g6 5. Nc3 Bg7 6. Be3 Nf6 7. Qd2 0-0 8. 0-0-0 Ng4 9. Nxc6 bxc6 10. f3 Nxe3 11. Qxe3 Qa5 12. Bc4 e6 13. Bb3 d5 14. Ne2 Qb5 15. exd5 cxd5 16. Qd3 Qb6 17. h4 a5 18. Nc3 Bd7 19. a4 d4 20. Ne2 e5 21. g4 Rab8 22. f4 Rfc8 23. Nc3 Bxg4 24. Nd5 Qc5 25. Rd2 Be6 26. Rg1 Bxd5 27. Bxd5 Qxd5 0-1